00333nam a2200145Ia 45000030006000000080041000060400015000471000027000622450018000892500006001072600037001133000006001505460014001560050017001700STCL150530s9999 xx 000 0 und d aSTCLcSTCL aSudhakar Mangalodhayam aChuttuvilakku a1 bC I C C Book House ; Kochic1996 a0 aMalayalam20220125171610.0